000 00537nam a2200193 4500
001 85132
003 BD-RjUL
005 20250708102940.0
008 250708s1953 pk ||||| |||| 00| 0 urd d
035 _a(BD-RjUL)85132
040 _aBD-RjUL
_beng
_cBD-RjUL
041 _aurd
082 _223
_a297.09
_bSIF 1953
245 1 0 _aفتح صقلیہ ;; ftah saqaliya /
_cایس-ایچ-صدیقی ;; S-H-Siddiqi
260 _aLahore :
_bIslamiah book ,
_c1953
300 _a359 p. ;
_c22 cm
650 _aHistory
_vIslam
_96293
942 _2ddc
_cBK
999 _c85132
_d85132